Statistics for NBA Players from Florida State

Click here to take the quiz!

General Stats

  • This quiz has been taken 20 times
    (4 since last reset)
  • The average score is 7 of 42

Answer Stats

PositionPlayerDraft Year% Correct
FScottie Barnes2021
100%
GBob Sura1995
67%
GCharlie Ward1994
67%
FCDave Cowens1970
67%
SGMalik Beasley2016
67%
FCChris Singleton2011
33%
SGDevin Vassell2020
33%
SFJonathan Isaac2017
33%
FCMfiondu Kabengele2019
33%
GPatrick Williams2020
33%
SGTerance Mann2019
33%
GToney Douglas2009
33%
SGTrent Forrest2020
33%
FWillie Williams1970
33%
FAlexander Johnson2006
0%
FAl Thornton2007
0%
SFBen Clyde1974
0%
PFBernard James2012
0%
FDave Fedor1962
0%
FDoug Edwards1993
0%
SFDwyane Bacon2017
0%
SFGeorge McCloud1989
0%
SFHarry Davis1978
0%
FIrving Thomas1990
0%
SGJames Collins1997
0%
PFJohn Butler Jr.2022
0%
CJonathan Kerner1997
0%
PGMickey Dillard1981
0%
GMitchell Wiggins1983
0%
SFM.J. Walker2021
0%
FOkaro White2014
0%
FRandell Jackson1998
0%
FRandy Allen1987
0%
SFRowland Garrett1972
0%
PFRyan Reid2010
0%
GSam Cassell1993
0%
CSolomon Alabi2010
0%
GTharon Mayes1990
0%
FTony Dawson1989
0%
PGTony Jackson1980
0%
GFVon Wafer2005
0%
SGXavier Rathan-Mayes2017
0%

Score Distribution

Percentile by Number Answered

Percent of People with Each Score

Your Score History

You have not taken this quiz since the last reset